000 00565nam a22001817a 4500
999 _c187982
_d187982
005 20220506123011.0
010 _aENG-132542
020 _c400.00
035 _aEN-116074
037 _bDBAD/PUB
082 _a793.31954
100 _aSarma, M. Nagabhushana
245 _aKuchipudi:
_bGurus, Performers and Performance Traditions/
_cM. Nagabhushana Sarma
260 _aHyderabad
_bNavodaya Book House
_c2016
270 _aOpp. Arya Samaj Mandir, Kachiguda
_bHyderabad
_e500027
300 _a324p.
_c22cm(hbk)
942 _2ddc
_cEN
_h793.31954
_mSAR